LEADER 01492aam 2200421I 450 001 9910711195503321 005 20151030113008.0 024 8 $aGOVPUB-C13-f3e98e871754ca20773ff012911f8b9b 035 $a(CKB)5470000002480052 035 $a(OCoLC)927169785 035 $a(EXLCZ)995470000002480052 100 $a20151030d1985 ua 0 101 0 $aeng 181 $2rdacontent 182 $2rdamedia 183 $2rdacarrier 200 10$aTechnology assessment $emethods for measuring the level of computer security /$fWilliam Neugent, John Gilligan, Lance Hoffman, Zella G. Ruthberg 210 1$aGaithersburg, MD :$cU.S. Dept. of Commerce, National Institute of Standards and Technology,$d1985. 215 $a1 online resource 225 1 $aNBS special publication ;$v500-133 300 $a1985. 300 $aContributed record: Metadata reviewed, not verified. Some fields updated by batch processes. 300 $aTitle from PDF title page. 320 $aIncludes bibliographical references. 517 $aTechnology assessment 700 $aNeugent$b William$01397275 701 $aGilligan$b John$01397276 701 $aHoffman$b Lance$01397277 701 $aNeugent$b William$01397275 701 $aRuthberg$b Zella G$01388838 712 02$aUnited States.$bNational Bureau of Standards. 801 0$bNBS 801 1$bNBS 801 2$bGPO 906 $aBOOK 912 $a9910711195503321 996 $aTechnology assessment$93458724 997 $aUNINA LEADER 01667nam0 22004093i 450 001 VEA0687856 005 20231121125921.0 010 $a0521525616$bpaperback 010 $a0521819571$bhardback 100 $a20160219d2006 ||||0itac50 ba 101 | $aeng$alat$clat 102 $agb 181 1$6z01$ai $bxxxe 182 1$6z01$an 200 1 $aElegies$ebook 4.$fPropertius$gedited by Gregory Hutchinson 210 $aCambridge [etc.]$cCambridge University press$d2006 215 $axi, 258 p.$d22 cm. 225 | $aCambridge Greek and Latin classics 410 0$1001MIL0045891$12001 $aCambridge Greek and Latin classics 500 10$aElegiae$3CFI0122983$9CFIV070723$913699 606 $aProperzio, Sesto . Elegiae. 4.$xEdizioni critiche$2FIR$3RMLC438092$9E 676 $a874.01$9Poesia lirica latina. Periodo romano, fino al 499 ca.$v22 700 1$aPropertius$b, Sextus$3CFIV070723$4070$0467785 702 1$aHutchinson$b, G. O.$3MILV098145 790 1$aProperzio$b, Sesto$3CFIV070724$zPropertius, Sextus 790 0$aPropertius Sextus Aurelius$3CFIV260064$zPropertius, Sextus 790 0$aProperzio$3PUVV293973$zPropertius, Sextus 790 0$aPropercij$3SBNV057687$zPropertius, Sextus 790 1$aHutchinson$b, Gregory$3SBNV064950$zHutchinson, G. O. 801 3$aIT$bIT-01$c20160219 850 $aIT-FR0017 899 $aBiblioteca umanistica Giorgio Aprea$bFR0017 $eN 912 $aVEA0687856 950 0$aBiblioteca umanistica Giorgio Aprea$d 52S.SIJ. LL1 Prop.Hut.$e 52AMT0000002385 VMB RS $fA $h20171018$i20171018 977 $a 52 996 $aElegiae$913699 997 $aUNICAS